000 00875nam a22002537a 4500
005 20170124103003.0
010 _a964091
020 _c10.00
035 _a964091
037 _bCen Lib/Ret
040 _aDPL
_bHN
082 _a
_bअनामि
100 _aअनामिका
_955410
245 _aप्रतिनायक /
_cअनामिका
246 _aPratinayak /
_bby Anamika
260 _aपटना
_bबिहार ग्रथ कुटीर
_c1979
270 _aखजांची रोड
_bपटना
300 _a64पृ.
_c20सेमी(सजिल्द )
650 _aहिंदी साहित्य
_x
_z
_955411
650 _aहिंदी कहानियां
_92082
650 _aHindi literature
_v
_955412
650 _aHindi Stories
_955413
942 _2ddc
_cHN
_h
_mअनामि
999 _c114117
_d114117